|
|
|
|
| LEADER |
00000cam a2200000 7i4500 |
| 001 |
0000001317 |
| 005 |
20140418.0 |
| 090 |
0 |
0 |
|a 634.909595117
|b WON 1980
|
| 100 |
1 |
0 |
|a WONG
|h Marina
|
| 245 |
1 |
2 |
|a A walk through Pasoh Forest :
|b Nature trail guide
|c Marina Wong, Kok Chow Hioong, Low Chong Moi
|
| 260 |
0 |
0 |
|a Kepong :
|b Forest Research Institute ,
|c 1980
|
| 300 |
|
|
|a 71 p. :
|b ill. ;
|c 22 cm.
|
| 500 |
0 |
0 |
|a Includes index
|
| 650 |
0 |
0 |
|a Forest ecology
|z Negeri Sembilan
|z Pasoh
|
| 650 |
0 |
0 |
|a Forest reserves
|x guidebooks
|z Negeri Sembilan
|z Pasoh
|
| 700 |
0 |
1 |
|a Kok
|h Chow Hioong
|
| 700 |
0 |
1 |
|a Low
|h Chong Moi
|
| 998 |
|
|
|a JPSM
|
| 999 |
|
|
|a 0000002340
|b Monograph
|c Open Shelf
|e Default branch
|
| 999 |
|
|
|a 0000002341
|b Monograph
|c Open Shelf
|e Default branch
|
| 999 |
|
|
|a 0000002342
|b Monograph
|c Open Shelf
|e Default branch
|